Statistics for Liechtenstein First Level Subdivisions

Click here to take the quiz!

General Stats

  • This quiz has been taken 19 times
  • The average score is 4 of 11

Answer Stats

Gemeinden% Correct
Vaduz
100%
Schaan
73%
Triesen
45%
Triesenberg
45%
Balzers
27%
Eschen
27%
Gamprin
18%
Mauren
18%
Planken
18%
Ruggell
18%
Schellenberg
18%

Score Distribution

Percentile by Number Answered

Percent of People with Each Score

Your Score History

You have not taken this quiz